000
00300nam a22001337a 4500
008
180202b xxu||||| |||| 00| 0 eng d
020
_a
9780750675635
041
_a
eng
080
_2
2nd
_a
61
100
_a
3
101
_a
SHM
245
_a
Review of sleep medicine
_c
Barkoukis,T.J
942
_2
udc
_c
BK
999
_c
41685
_d
41685